| 000 | 01275nam a2200325 i 4500 | ||
|---|---|---|---|
| 001 | 179912 | ||
| 003 | ES-MaACL | ||
| 005 | 20230927153614.0 | ||
| 008 | 120223s2010 sp |||| | spa d | ||
| 020 | _a978-84-92616-85-5 | ||
| 080 | _a329.18(460) | ||
| 080 | _a94(460)"1934" | ||
| 080 | _a94(460)"1931/39" | ||
| 245 | 0 | 0 |
_aDe un octubre a otro _b: revolución y fascismo en el periodo de entreguerras, 1917-1934 / _cAlejandro Andreassi, José Luis Martín Ramos (coordinadores) ; Aldo Agosti, Ramón Alquézar, Alejandro Andreassi ... [et al.]. |
| 260 |
_a[Barcelona] : _bEl Viejo Topo, _c[2010] |
||
| 300 |
_a356 p. ; _c22 cm. |
||
| 504 | _aReferencias bibliográficas. | ||
| 650 | 0 | 4 |
_aFascismo- _zEuropa. _912730 |
| 650 | 0 | 4 |
_aComunismo- _zEuropa. _911219 |
| 651 |
_aEspaña- _xHistoria- _y1934, Revolución de octubre. _9149447 |
||
| 651 | 4 |
_aEspaña- _xHistoria- _y1931-1939, II República. _98283 |
|
| 700 | 1 |
_aAndreassi Cieri, Alejandro. _9149439 |
|
| 700 | 1 |
_aMartín Ramos, José Luis. _977621 |
|
| 700 | 1 |
_aAgosti, Aldo. _9149440 |
|
| 700 | 1 |
_aAlquézar, Ramón. _9149441 |
|
| 852 |
_aES-MaACL _jA-11991 _9186816 _bR.146738 _cDEPO1 _dOlim: N-4996 |
||
| 942 |
_2udc _cMONOGRAFIA |
||
| 999 |
_c179912 _d179912 |
||